Similes Compositions

Guardat en:
Dades bibliogràfiques
Autor principal: Milon Nandy
Format: Llibre
Idioma:English
Publicat: TP HCM 2001
Matèries:
Etiquetes: Afegir etiqueta
Sense etiquetes, Sigues el primer a etiquetar aquest registre!
Thư viện lưu trữ: Mạng thư viện Đại học Đà Nẵng
LEADER 01020cam a22003251a 4500
001 000035278
003 11555
005 20151111000000.0
008 151111s2001 000 eng
041 |a eng 
082 |a 420.8  |b NA-M 
100 |a Milon Nandy 
245 |a Similes Compositions  |c Milon Nandy 
260 |a TP HCM  |c 2001 
300 |a 44tr: 15,5x22,5cm 
650 |a Milon Nandy, Similes Compositions, 2001 
852 |b Chuyên đề  |c Tiếng Anh tham khảo 1 
OWN |a LNN 
AVA |a UDN50  |b LNN  |d 420.8 NA-M  |e available  |t Error 5001 Not defined in file expand_doc_bib_avail.  |f 5  |g 0  |h N  |i 0  |k 1 
999 |a From the UDN01 
AVA |a UDN50  |b LNN  |d 420.8 NA-M  |e available  |t Error 5001 Not defined in file expand_doc_bib_avail.  |f 5  |g 0  |h N  |i 0  |k 1 
TYP |a Monograph 
TYP |a Printed language 
980 |a Mạng thư viện Đại học Đà Nẵng